000 00378 a2200169 4500
001 183481
020 _a85-16-01009-0
040 _cMagnum
100 _aMurgel Branco, Samuel
240 1 0 _aPasseio por dentro da terra
_lpor
245 1 0 _aPasseio por dentro da terra
300 _a31
362 0 _a1996
440 1 _aModerna
697 _aLITERATURA INFANTO
942 _cBK
999 _c183481
_d183481